Behavior in organizations : (Record no. 4799)

000 -LEADER
fixed length control field 01066cam a22002894a 4500
001 - CONTROL NUMBER
control field 1684604
005 - DATE AND TIME OF LATEST TRANSACTION
control field 20170328180041.0
008 - FIXED-LENGTH DATA ELEMENTS--GENERAL INFORMATION
fixed length control field 990304s2000 njua b 001 0 eng
010 ## - LIBRARY OF CONGRESS CONTROL NUMBER
LC control number 99014674
020 ## - INTERNATIONAL STANDARD BOOK NUMBER
International Standard Book Number 0130850268
040 ## - CATALOGING SOURCE
Original cataloging agency DLC
Transcribing agency DLC
Modifying agency DLC
042 ## - AUTHENTICATION CODE
Authentication code pcc
050 00 - LIBRARY OF CONGRESS CALL NUMBER
Classification number HD58.7
Item number .B37 2000
082 00 - DEWEY DECIMAL CLASSIFICATION NUMBER
Classification number 658.3
Edition number 21
100 1# - MAIN ENTRY--PERSONAL NAME
Personal name Greenberg, Jerald.
245 10 - TITLE STATEMENT
Title Behavior in organizations :
Remainder of title understanding and managing the human side of work /
Statement of responsibility, etc. Jerald Greenberg, Robert A. Baron.
250 ## - EDITION STATEMENT
Edition statement 7th ed.
260 ## - PUBLICATION, DISTRIBUTION, ETC. (IMPRINT)
Place of publication, distribution, etc. Upper Saddle River, NJ :
Name of publisher, distributor, etc. Prentice Hall,
Date of publication, distribution, etc. c2000.
300 ## - PHYSICAL DESCRIPTION
Extent xxvi, 687 p. :
Other physical details col. ill. ;
Dimensions 29 cm.
504 ## - BIBLIOGRAPHY, ETC. NOTE
Bibliography, etc Includes bibliographical references and index.
650 #0 - SUBJECT ADDED ENTRY--TOPICAL TERM
Topical term or geographic name as entry element Organizational behavior.
650 #0 - SUBJECT ADDED ENTRY--TOPICAL TERM
Topical term or geographic name as entry element Personnel management.
700 1# - ADDED ENTRY--PERSONAL NAME
Personal name Baron, Robert A.
906 ## - LOCAL DATA ELEMENT F, LDF (RLIN)
a 7
b cbc
c orignew
d 1
e ocip
f 19
g y-gencatlg
942 ## - ADDED ENTRY ELEMENTS (KOHA)
Source of classification or shelving scheme
Koha item type Hard Covered Materials
Classification part HD58.7 .B37 2000
Holdings
Withdrawn status Lost status Source of classification or shelving scheme Damaged status Not for loan Home library Current library Shelving location Date acquired Source of acquisition Total Checkouts Full call number Barcode Date last seen Date last checked out Price effective from Koha item type
          MACHAKOS UNIVERSITY LIBRARY MACHAKOS UNIVERSITY LIBRARY Open shelf 04/09/2015 Donation (BFA) 1 HD58.7 .B37 2000 10597 05/11/2018 28/10/2016 04/09/2015 Hard Covered Materials
© Machakos University Library, Along The Highway, Machakos Wote Rd, Machakos, Kenya P.O. Box 136 - 90100 Machakos - Kenya

Tel: ( +254 ) 723 805829 OR Fax : 044-20353 OR Email: library@mksu.ac.ke